Discographie de Bad Bunny - Statistiques

Statistiques générales
  • Ce quiz a été pris 286 fois
  • Le résultat moyen est 41 sur 131
Statistiques - réponses
ALBUM Titre % Correct
DtMF
92%
DeBÍ TiRAR MáS FOToS NUEVAYoL
87%
Tití Me Preguntó
77%
BAILE INoLVIDABLE
76%
MONACO
71%
LA CANCIÓN
68%
Un Verano Sin Ti Moscow Mule
67%
Dákiti
65%
EoO
64%
CAFé CON RON
60%
Ojitos Lindos
60%
Un Verano Sin Ti
58%
Callaita
57%
VeLDÁ
57%
MIA
56%
VOY A LLeVARTE PA PR
56%
PERFuMITO NUEVO
53%
TURiSTA
53%
WELTiTA
52%
BOKeTE
51%
LA MuDANZA
51%
El Apagón
49%
Me Porto Bonito
49%
EL CLúB
48%
KLOuFRENS
48%
Safaera
47%
LA NOCHE DE ANOCHE
46%
PIToRRO DE COCO
46%
Enséñame a Bailar
45%
LO QUE LE PASÓ A HAWAii
45%
Después de la Playa
44%
Neverita
44%
Andrea
43%
La Romana
43%
nabie sabe lo que va a pasar mañana NADIE SABE
43%
Party
43%
Yo Perreo Sola
43%
Agosto
40%
La Santa
40%
Efecto
39%
PERRO NEGRO
39%
YHLQMDLG Si Veo a Tu mamá
39%
KETU TeCRÉ
38%
Tarot
38%
Un Ratito
38%
Otra Noche en Miami
37%
Un Coco
36%
Aguacero
35%
FINA
35%
La Corriente
35%
NO ME QUIERO CASAR
35%
Vete
35%
Dos Mil 16
34%
La Difícil
34%
WHERE SHE GOES
34%
Si Estuviésemos Juntos
33%
<3
32%
Yo No Soy Celoso
32%
Me Fui de Vacaciones
31%
UN PREVIEW
30%
Otro Atardecer
29%
MR. OCTOBER
28%
Un peso
28%
Bichiyal
27%
X 100PRE NI BIEN NI MAL
27%
Una Vez
27%
CYBERTRUCK
26%
QUE PRETENDES
26%
25/8
25%
BABY NUEVA
24%
BOOKER T
24%
EUROPA :)
24%
Ignorantes
24%
HIBIKI
23%
A Tu Merced
22%
TE MUDASTE
22%
120
21%
200 Mph
21%
ACHO PR
21%
Caro
21%
La Zona
21%
Soliá
21%
Solo de Mi
21%
TELEFONO NUEVO
21%
VOU 787
21%
Pero Ya No
19%
BATICANO
18%
COMO UN BEBÉ
18%
EL ÚLTIMO TOUR DEL MUNDO EL MUNDO ES MÍO
18%
Estamos Bien
18%
MERCEDES CAROTA
18%
P FKN R
18%
Que Malo
18%
SEDA
18%
VUELVE CANDY B
18%
CANCIÓN CON YANDEL
17%
Hablamos Mañana
17%
THUNDER Y LIGHTNING
17%
Yo Visto Así
17%
Está Cabrón Ser Yo
16%
LOS PITS
16%
ANTES QUE SE ACABE
15%
BAD CON NICKY
15%
GRACIAS POR NADA
15%
HACIENDO QUE ME AMAS
15%
HOY COBRÉ
15%
MALDITA POBREZA
15%
OASIS Mojaita
15%
Odio
15%
RLNDT
15%
TE DESEO LO MEJOR
15%
Tenemos Que Hablar
15%
TRELLAS
15%
Como Antes
14%
CÓMO SE SIENTE
14%
LA DROGA
14%
CANTARES DE NAVIDAD
13%
Ser Bichote
13%
Yo Le Llego
13%
Cuidao por Ahí
12%
EN CASITA
12%
PA' ROMPERLA
11%
BYE ME FUI
10%
MÁS DE UNA CITA
10%
Puesto Pa' Guerrial
10%
SORRY PAPI
10%
Cuando Perriabas
9%
BENDICIONES
7%
RONCA FREESTYLE
7%
LAS QUE NO IBAN A SALIR SI ELLA SALE
7%
¿Quien tu eres?
3%
Aucun quiz correspondant
Distribution des résultats
% des personnes avec chaque résultat
Percentile par nombre de réponses
Votre historique - résultats
Vous n’avez pas pris ce quiz